| 000 | 00757nam a22002417a 4500 | ||
|---|---|---|---|
| 999 |
_c209 _d209 |
||
| 003 | AR-CdUCM | ||
| 008 | 190222b ||||| |||| 00| 0 spa d | ||
| 020 | _a8470760335 | ||
| 040 |
_aMUNICIPALIDAD PROVINCIAL DEL CUSCO _cBIBLIOTECA MUNICIPAL DEL CUSCO |
||
| 082 |
_a808.8 / _bSA164 |
||
| 100 |
_aSalgari, Emilio _9800 |
||
| 245 | _aUn Drama en el Oceano Pacifico / | ||
| 260 |
_aMadrid : _bGahe, _c1975. |
||
| 300 |
_a182 paginas ; _b8 Ilustraciones. _c20 cm. |
||
| 505 | _aAsesinato misterioso -- El naufrago -- La isla de Santa Cruz -- Los escollos -- La gran marea... | ||
| 650 |
_aMar _9935 |
||
| 650 |
_aNaufrago _9936 |
||
| 650 |
_aPopa _9937 |
||
| 650 |
_aCapitan _9938 |
||
| 650 |
_aOlas _9939 |
||
| 942 |
_2ddc _cLIBROS |
||
| 945 |
_awnts _d2019-02-22 |
||